| 000 | 00858nam a2200229 a 4500 | ||
|---|---|---|---|
| 001 | 41515 | ||
| 003 | BD-RjUL | ||
| 005 | 20211209053414.0 | ||
| 008 | 160601s1978 bg ||||| |||| 00| f ben d | ||
| 020 | _c: Tk. 12.50 | ||
| 035 | _a(BD-RjUL) 41633 | ||
| 040 |
_aBD-RjUL _bben _cBD-RjUL |
||
| 041 | _aben | ||
| 082 |
_223 _a297 _bISL 1978 |
||
| 245 | 0 | 0 |
_aইসলাম : _bমনীষার আলোকে / _cদেওয়ান মোহাম্মদ আজরফ, সম্পাদনা |
| 260 |
_aঢাকা : _bইসলামিক ফাউণ্ডেশন, _c১৯৭৮ |
||
| 300 |
_a[২২], ১৩৮ পৃ. ; _c২০ সেমি. |
||
| 650 |
_aইসলাম _9127583 |
||
| 650 |
_aIslam _9127584 |
||
| 700 |
_aআজরফ, দেওয়ান মোহাম্মদ, সম্পাদনা _9127585 |
||
| 942 |
_2ddc _cBK |
||
| 999 |
_c41515 _d41515 |
||